000 00292nam a22001337a 4500
008 180313b xxu||||| |||| 00| 0 eng d
020 _a9780070577558
041 _aeng
080 _a371
100 _a25
101 _aEDU
245 _aImprove Your Sentences
_cSalak, A.M
942 _2udc
_cBK
999 _c44862
_d44862